00920nam a22002657a 45000010005000000030006000050050017000110080041000280200018000690400029000870500016001160820008001321000010001402450033001502600037001833000065002205050008002855200101002935210029003945210020004236500032004439420015004759990015004909520149005058264FISKH20250905113009.0250905b cb ||||| |||| 00| 0 eng d a9780590127189 aFISKHbengcFISKHdFISKH aGT3050 .A43 a395 aAliki aHello! good-bye! /cBy Aliki aNew York : bScholastic ,c1996. a30 unnumbered pages : bcolor illustrations ;c23 x 23 cm .  aG  aDescribes some of the many ways, both verbal and nonverbal, that people say hello and good-bye. 8 a370 bLexile estimate 8 aG bRaz-Plus  aMulticulturalvPicture book 2ddccBKn0 c8264d8264 00102ddc40708JUVFa002b002cTTP Dark Greend2025-09-05l2oALI 395 GT3050 .A43pFISTK02492r2026-04-03 13:23:55s2026-03-27w2025-09-05yBK